[Event "Primorsko op-A"]
[Site "Primorsko"]
[Date "2019.09.16"]
[Round "2"]
[White "Petkov, Emil"]
[Black "Spasov, Vasil"]
[Result "0-1"]
[WhiteElo "2203"]
[BlackElo "2497"]
[PlyCount "44"]
[EventDate "2019.09.15"]
[EventType "swiss"]
[EventRounds "9"]
[EventCountry "BUL"]
[SourceTitle "EXT 2020"]
[Source "ChessBase"]
[SourceDate "2019.10.17"]
[SourceVersion "1"]
[SourceVersionDate "2019.10.17"]
[SourceQuality "1"]

1. d4 d6 2. c4 e5 3. dxe5 dxe5 4. Qxd8+ Kxd8 5. Nc3 Be6 6. e4 Nc6 7. Be3 Nf6 8. 0-0-0+ Kc8 9. f3 Nd7 10. g3 Bc5 11. Bxc5 Nxc5 12. Bh3 b6 13. f4 Kb7 14. Bxe6 fxe6 15. Nge2 Rhf8 16. Rhf1 g6 17. Kd2 a5 18. Ke3 a4 19. Nb5 Rf7 20. fxe5 Raf8 21. Rxf7 Rxf7 22. h3 Nxe5 0-1

[Event "Albena Vivacom op"]
[Site "Albena"]
[Date "2015.09.18"]
[Round "7"]
[White "Petkov, Emil"]
[Black "Anev, Asen"]
[Result "1-0"]
[WhiteElo "2207"]
[BlackElo "1958"]
[PlyCount "65"]
[EventDate "2015.09.14"]
[EventType "swiss"]
[EventRounds "9"]
[EventCountry "BUL"]
[SourceTitle "EXT 2016"]
[Source "ChessBase"]
[SourceDate "2015.10.08"]
[SourceVersion "1"]
[SourceVersionDate "2015.10.08"]
[SourceQuality "1"]

1. c4 e5 2. g3 Nf6 3. Bg2 d5 4. cxd5 Nxd5 5. Nc3 Ne7 6. Nf3 Nbc6 7. 0-0 g6 8. d3 Bg7 9. Bg5 h6 10. Be3 0-0 11. Qd2 Kh7 12. Rfc1 Be6 13. Ne4 b6 14. b4 a6 15. Nfg5+ hxg5 16. Nxg5+ Kg8 17. Nxe6 fxe6 18. Bxc6 Nxc6 19. Rxc6 Qd7 20. Rac1 Ra7 21. Qc2 Rf7 22. Qc4 Re7 23. Bg5 Re8 24. Rxc7 Rxc7 25. Qxc7 Qd4 26. Qc6 Rf8 27. Qxe6+ Kh7 28. Be3 Qxb4 29. Rc7 Qe1+ 30. Kg2 Qxe2 31. Qd5 Kh8 32. Qb7 e4 33. Qxe4 1-0

[Event "BUL-chT2 64th"]
[Site "Sunny Beach"]
[Date "2015.06.05"]
[Round "6.3"]
[White "Tilicheev, Viacheslav"]
[Black "Petkov, Emil"]
[Result "1-0"]
[WhiteElo "2408"]
[BlackElo "2157"]
[PlyCount "103"]
[EventDate "2015.05.31"]
[EventType "team-swiss"]
[EventRounds "7"]
[EventCountry "BUL"]
[SourceTitle "CBM 166 Extra"]
[Source "ChessBase"]
[SourceDate "2015.06.18"]
[SourceVersion "1"]
[SourceVersionDate "2015.06.18"]
[SourceQuality "1"]
[WhiteTeam "Burgas 64"]
[BlackTeam "Veliko Tarnovo Etar"]
[WhiteTeamCountry "BUL"]
[BlackTeamCountry "BUL"]

1. e4 c5 2. Nf3 e6 3. b3 d6 4. Bb2 Nf6 5. e5 dxe5 6. Nxe5 Nbd7 7. Bb5 Be7 8. Qf3 0-0 9. Qg3 Ne4 10. Qe3 Nd6 11. Bxd7 Bxd7 12. Qxc5 Be8 13. 0-0 Nf5 14. Qc4 Rc8 15. Qe4 Nd6 16. Qg4 Nf5 17. Nc4 Bb5 18. d3 Bf6 19. Bxf6 Qxf6 20. Nbd2 Bxc4 21. bxc4 Qc3 22. Qd1 Nd4 23. Nb3 Rfd8 24. Nxd4 Rxd4 25. Rb1 b6 26. Rb3 Qa5 27. Qc1 Rc7 28. Qb2 Qe5 29. Rb5 Rc5 30. a4 h5 31. Rxc5 Qxc5 32. Qb5 Qxb5 33. axb5 Kf8 34. f3 Ke7 35. Kf2 Rd7 36. Ke3 Rc7 37. Kd4 Kd6 38. f4 g6 39. Re1 f6 40. Kc3 Rg7 41. h4 g5 42. fxg5 fxg5 43. hxg5 Rxg5 44. Re2 h4 45. Kb4 Rg3 46. d4 h3 47. gxh3 Rxh3 48. c3 Rh4 49. Ra2 Rh7 50. c5+ bxc5+ 51. dxc5+ Ke5 52. c6 1-0